Sports Quiz

Random Sports or German Quiz

Clubs of the Fußball-Bundesliga Quiz Stats

 Plays Quiz Updated May 21, 2019

Score 0/18 Timer 06:00
5 Plays Today
Club % Correct
Bayern Munich
97.5%
Borussia Dortmund
84.6%
Schalke 04
75.5%
RasenBallsport Leipzig e.V.,
71.5%
Hertha BSC
70.7%
Werder Bremen
70.6%
Düsseldorfer Turn- und Sportverein Fortuna 1895 e.V
70.3%
Wolfsburg
69.7%
Eintracht Frankfurt
69.5%
Club % Correct
FC Köln
63.6%
Borussia Mönchengladbach
58.1%
1899 Hoffenheim
55.4%
Sport-Club Freiburg e.V.
51.4%
1. FC Union Berlin
46.2%
1. FSV Mainz 05
45.4%
Bayer Leverkusen
45.1%
SC Paderborn 07
35.2%
Augsburg
31.7%

You're not logged in!

Compare scores with friends on all Sporcle quizzes.
OR
Log In

Sporcle TV

Today on Sporcle TV


Watch our educational content, quiz creation guides, and fun videos on Sporcle TV.

Show Comments

Extras

Top Quizzes Today


Score Distribution

Your Account Isn't Verified!

In order to create a playlist on Sporcle, you need to verify the email address you used during registration. Go to your Sporcle Settings to finish the process.

Report this User

Report this user for behavior that violates our Community Guidelines.

Details: